Southville International School and Colleges
Your cart is empty.
  • Cart
  • Lists
    Public lists Eva Luna New books Lux_list list_1
    Your lists Log in to create your own lists
  • Log in to your account
  • Your cookies
  • Search history
Southville International School and Colleges
  • Advanced search
  • Recent comments
  • Most popular
  • Libraries

Log in to your account

Log in with GOOGLE


If you do not have an external account, but do have a local account, you can still log in:

  1. Home
  2. MARC view: How to start a home based travel agency :
Normal view MARC view ISBD view

How to start a home based travel agency : (Record no. 291527)

[ view plain ]
MARC details
000 -LEADER
fixed length control field 00672nam a22001937a 4500
003 - CONTROL NUMBER IDENTIFIER
control field LC
005 - DATE AND TIME OF LATEST TRANSACTION
control field 20160309180534.0
008 - FIXED-LENGTH DATA ELEMENTS--GENERAL INFORMATION
fixed length control field 160309b xxu||||| |||| 00| 0 eng d
020 ## - INTERNATIONAL STANDARD BOOK NUMBER
International Standard Book Number 9781484162088
050 ## - LIBRARY OF CONGRESS CALL NUMBER
Classification number G 154 .OG34 2013
100 ## - MAIN ENTRY--PERSONAL NAME
Personal name Ogg, Tom
245 ## - TITLE STATEMENT
Title How to start a home based travel agency :
Remainder of title workbook
Statement of responsibility, etc Tom and Joanie Ogg
260 ## - PUBLICATION, DISTRIBUTION, ETC. (IMPRINT)
Place of publication, distribution, etc USA :
Name of publisher, distributor, etc Tom Ogg & Associates
Date of publication, distribution, etc 2013
300 ## - PHYSICAL DESCRIPTION
Extent 1 volume (various pagings)
Other physical details illustrations.,
Dimensions 28 cm.
650 ## - SUBJECT ADDED ENTRY--TOPICAL TERM
Topical term or geographic name as entry element Travel agents -- Handbooks, manuals, etc.
650 ## - SUBJECT ADDED ENTRY--TOPICAL TERM
Topical term or geographic name as entry element Home-based businesses -- Handbooks, manuals, etc.
650 ## - SUBJECT ADDED ENTRY--TOPICAL TERM
Topical term or geographic name as entry element New business enterprises -- Handbooks, manuals, etc.
942 ## - ADDED ENTRY ELEMENTS (KOHA)
Source of classification or shelving scheme Library of Congress Classification
Koha item type Books
Holdings
Withdrawn status Lost status Source of classification or shelving scheme Damaged status Home library Current library Shelving location Date acquired Source of acquisition Total Checkouts Full call number Barcode Date last seen Price effective from Koha item type
    Library of Congress Classification   College Library College Library Reserve Section 03/09/2016 Library Fund   G 154 .OG34 2013 C20469 05/15/2018 03/09/2016 Books

How to start a home based travel agency :

APA

Ogg T., . (2013). How to start a home based travel agency. USA: Tom Ogg & Associates.

Chicago

Ogg Tom, . 2013. How to start a home based travel agency. USA: Tom Ogg & Associates.

Harvard

Ogg T., . (2013). How to start a home based travel agency. USA: Tom Ogg & Associates.

MLA

Ogg Tom, . How to start a home based travel agency. USA: Tom Ogg & Associates. 2013.

  • Place hold
  • Print
  • Cite
  • Add to your cart (remove)
  • Save record
    BIBTEX Dublin Core MARCXML MARC (non-Unicode/MARC-8) MARC (Unicode/UTF-8) MARC (Unicode/UTF-8, Standard) MODS (XML) RIS
  • More searches
    Search for this title in:
    Other Libraries (WorldCat) Other Databases (Google Scholar) Online Stores (Bookfinder.com) Open Library (openlibrary.org)

Exporting to Dublin Core...

SOUTHVILLE LIBRARY

Southville International School and Colleges Library

1281 Tropical Ave. Cor. Luxembourg St., BF Homes International, Las Pinas City

Tel. No. 8256374 / 252358 Loc. 117/146

Powered by Koha